| 000 | 00436nam a2200157Ia 4500 | ||
|---|---|---|---|
| 008 | 240729s9999 xx 000 0 und d | ||
| 022 | _a2614-8536 | ||
| 245 | 0 | _aIJRETINA (International Journal of Retina) | |
| 260 | _aIndonesia | ||
| 260 | _bInternational Journal of Retina | ||
| 650 | _a Ophthalmology | ||
| 650 | _aMedicine | ||
| 856 | _uhttps://doaj.org/toc/a7a7631a98974f8f8bece51778d47c6b | ||
| 942 | _2ddc | ||
| 942 | _cDOAJEJ | ||
| 999 |
_c73502 _d73502 |
||
| 945 |
_a1 _bMadushi Gamage _c1 _dMadushi Gamage |
||